000 00987nam a2200229 a 4500
001 000041498
005 20201002034938.0
008 131008s1993 sp abc 000 0 spa d
020 _a8400073541
040 _aDO-SdBNP
_bspa
_cBNPHU
082 _axxx
_bP438i
100 1 _aPérez Miguel, Aurora
_915763
245 1 0 _aImpacto Ecólogico en la costa noroeste de América tras la llegada de los Europeos (siglos XVIII a XX) /
_cAurora Pérez Miguel ; prólogo de Francisco de Solano.
260 _aMadrid :
_bConsejo Superior de Investigaciones Científicas,
_c1993.
300 _a207 p., :
_bil., mapas, retrs. ;
_c24 cm.
490 1 _aBiblioteca de historia de América
_v8
500 _aIncluye datos biograficos del autor en la solapa de la cubierta.
500 _aIncluye referencias bibliográficas y notas al pie de las páginas.
504 _aBibliografía: p. 205-207
700 1 2 _aSolano, Francisco de
_epról.
_915306
830 0 _aBiblioteca de historia de América
_n8
_968199
999 _c40988
_d40988